Alle Nachbarländer von Frankreich - Statistiken

Allgemein
  • Dieses Quiz wurde 60 mal gespielt
  • Das Durchschnittsergebnis liegt bei 9 aus 11
Antwortstatistiken
Antwort % Korrekt
Deutschland
96%
Andorra
94%
Belgien
94%
Luxemburg
94%
Schweiz
94%
Spanien
94%
Italien
85%
Monaco
83%
Brasilien (Franz. Guyana)
77%
Surinam (Franz. Guyana)
68%
Niederlande (St. Martin Insel)
66%
Keine übereinstimmenden Quizze gefunden
Verteilung der Resultate
Anzahl Personen mit jedem Resultat
Perzentil nach korrekt beantworteten Fragen
Ihre Resultats-Entwicklung
Sie haben dieses Quiz noch nicht gespielt